| 000 | 00548nam a22001817a 4500 | ||
|---|---|---|---|
| 003 | 0 | ||
| 005 | 20241121154824.0 | ||
| 008 | 241121b xxu||||| |||| 00| 0 eng d | ||
| 020 | _a9781774697528 | ||
| 050 |
_aHA 29 _b.N44 2024 |
||
| 100 |
_aNgetich, Allan, _eauthor. |
||
| 245 |
_aIntroduction to statistics / _cAllan Ngetich. |
||
| 260 |
_aBurlington, ON : _bToronto Academic Press, _c2024. |
||
| 300 |
_axi, 217 p. : _bcol. ill. ; _c26 cm. |
||
| 504 | _aIncludes bibliographical references and index. | ||
| 650 | _aStatistics. | ||
| 942 |
_2lcc _cBK |
||
| 999 |
_c366780 _d366780 |
||